Регионална библиотека "Любен Каравелов" - Русе

Копринената буба (Запис номер 161955)

MARC детайли
000 -Лидер
Контролно поле с фиксирана дължина 01266nam a2200325 c 4500
003 - Код на организацията, давaща контролен номер
Контролно поле BLK
005 - Дата и час на последна редакция
Контролно поле 20250729143127.0
008 - Елементи от данни с фиксирана дължина
fixed length control field 180410b bul|||||r ||||||| ||bul||
020 ## - Международен стандартен номер на книга ISBN
Международен стандартен номер на книга ISBN 9786191504459
040 ## - Източник на каталожния запис
Идентификатор на билиотеката - собственик на записа BLK
041 ## - Код за език
Код за езика на текст/звукозапис или на отделно заглавие Български
Код за езика КДБФ Български
080 ## - УДК
Текстов определител УДК Английска литература
УДК код - определител по УДК 821.111
УДК определител -312.4
УДК - код + определител 821.111-312.4
100 ## - Редна дума - Автор
Автор Галбрейт, Робърт
Автор - информация (биография) Роулинг, Джоан К.
R(LIN) 330896
139 ## - Редно поле
Редна дума Галбрейт, Робърт
Авторски знак Гал - Г 18
245 10 - Сведения за заглавието
Заглавие Копринената буба
Подзаглавни данни Роман
Редно поле (дума) Робърт Галбрейт; прев. от англ. Надя Баева.
257 ## - Страна на издаване
Страна на създаване/издаване Великобритания
260 ## - Област на издателските данни
Име на издателя, разпространителя и проч. Колибри
Година на издаване 2014
Печатница София : Симолини
Място на издаване, разпространение и проч. София
300 ## - Физическа характеристика
Страници 495 с.
Размери/Мащаб 21 см
380 ## - Жанр
Жанр Худож. лит.
500 ## - Общи забележки
Забележка Ориг. загл. The Silkworm / Robert Galbraith. - Робърт Галбрейт е псевд. на Джоан К. Роулинг.
700 ## - Други автори (авторска отговорност)
Лично име Баева, Надя Димитрова
Автороска отговорност (Описва отношението между автора и произведението) прев. от англ.
9 (RLIN) 383768
852 ## - Местоположение
Форматна сигнатура Цб 272086
856 4# - Електронен адрес и достъп
Електронен формат pdf - файл
856 4# - Електронен адрес и достъп
Електронен формат pdf - файл
942 ## - АРТИКУЛИ
Вид на библиотечния материал Книги
Скрит в OPAC Не
Koha issues (borrowed), all copies 100
944 ## - СЪЗДАВАНЕ И РЕДАКЦИЯ на ЗАПИСА
Създаване/Редакция Създаване
Дата на регистрацията/редакция 09.01.2015
Статус, дата на статуса Цветомила Тодорова
Служител, извършил регистрацията/редакцията 30576
944 ## - СЪЗДАВАНЕ И РЕДАКЦИЯ на ЗАПИСА
Създаване/Редакция Редакция
Дата на регистрацията/редакция 24.02.2017
Статус, дата на статуса ф /
Служител, извършил регистрацията/редакцията Людмила_Стоянова
999 ## - СИСТЕМНИ КОНТРОЛНИ НОМЕРА
Koha biblionumber 161955
Koha biblioitemnumber 161955
999 ## - СИСТЕМНИ КОНТРОЛНИ НОМЕРА
Koha biblioitemnumber 161955
999 ## - СИСТЕМНИ КОНТРОЛНИ НОМЕРА
Koha biblioitemnumber 161955
Наличности
Код за отписване Код за изгубен артикул Източник на класификационната схема Код за повреда Коз за рестрикции Код за отдаване Артикулен № Име на библиотеката - собственик Име на библиотеката, в която се намира в момента Статус (Текущо местоположение) Дата на вписване в системата Местоположение - отдел Цена в лева Инвентарен номер Систематично азбучна сигнатура Баркод Номер на екземпляра Цена в евро Служебна бележка Служебен тип на артикула
Изтеглен Не е изгубен Universal Decimal Classification Не е повреден без рестрикции заемане за дома 270497 Регионална библиотека "Любен Каравелов" Русе Регионална библиотека "Любен Каравелов" Русе Заемна - подръчен фонд 2015-01-15 Заемна - подръчен фонд 20.00 120000784193 П 820-31/Г 18 120000784193 1 10.23 Дост: DA Вид: А N: 1 Дата: 09.01.2015 Дата инв: 14.02.2018 Бележки инв: П2018 Книги
  Не е изгубен   Не е повреден без рестрикции ползва се в читалня 270498 Регионална библиотека "Любен Каравелов" Русе Регионална библиотека "Любен Каравелов" Русе Хранилище 2016-12-19 Хранилище 20.00 120000806434 Цб 272086 120000806434 2 10.23 Дост: Dp Вид: Д N: 47 Дата: 01.11.2016 Книги
  Не е изгубен Universal Decimal Classification Не е повреден без рестрикции заемане за дома 270499 Регионална библиотека "Любен Каравелов" Русе Регионална библиотека "Любен Каравелов" Русе Заемна - подръчен фонд 2017-02-17 Заемна - подръчен фонд 20.00 120000808564 П 820-31/Г 18 120000808564 3 10.23 Дост: DA Вид: А N: 9 Дата: 17.02.2017 Дата инв: 14.02.2018 Бележки инв: П2018 Книги
  Не е изгубен Universal Decimal Classification Не е повреден   заемане за дома 936482 Регионална библиотека "Любен Каравелов" Русе Регионална библиотека "Любен Каравелов" Русе Заемна - подръчен фонд 2023-11-10 Заемна - подръчен фонд 13.00 120000895552 821-31/Г 18 Р 120000895552   6.65   Книги
  Не е изгубен Universal Decimal Classification Не е повреден   заемане за дома 981597 Регионална библиотека "Любен Каравелов" Русе Регионална библиотека "Любен Каравелов" Русе Заемна - подръчен фонд 2025-07-17 Заемна - подръчен фонд 16.90 120000920929 821-31/Г 18 Р 120000920929   8.64   Книги
  Не е изгубен Universal Decimal Classification Не е повреден   заемане за дома 981598 Регионална библиотека "Любен Каравелов" Русе Регионална библиотека "Любен Каравелов" Русе Заемна - подръчен фонд 2025-07-17 Заемна - подръчен фонд 16.90 120000920928 821-31/Г 18 Р 120000920928   8.64   Книги
Vip Innovations Ltd, Rousse, Bulgaria 2025